| 000 | 00568nam a2200145Ia 4500 | ||
|---|---|---|---|
| 008 | 100122s9999 xx 000 0 und d | ||
| 082 |
_b15645 _a823 |
||
| 100 | _aकाकोडकर चंद्रकांत | ||
| 245 | _aप्रीत नव्हे ही गोड भुलावण | ||
| 260 |
_bसिध्दार्थ साहित्य _c1969 |
||
| 300 | _a116 | ||
| 630 | _aप्रीत नव्हे ही गोड भुलावण | ||
| 730 | _aप्रीत नव्हे ही गोड भुलावण | ||
| 942 | _cBOOK | ||
| 999 |
_c405841 _d405838 |
||